Organ-Preserving Surgery Using Endografts from Superelastic Titanium-Nickelid-Based Alloy for Patients with Laryngeal Cancer; Advanced Materials Research; Vol. 1085 : Prospects of Fundamental Sciences Development (PFSD-2014)
| Parent link: | Advanced Materials Research: Scientific Journal Vol. 1085 : Prospects of Fundamental Sciences Development (PFSD-2014).— 2015.— [P. 414-418] |
|---|---|
| Awdur Corfforaethol: | |
| Awduron Eraill: | , , , , |
| Crynodeb: | Title screen Our study has demonstrated feasibility of performing larynx preservation surgeries in patients with recurrent laryngeal cancer after failure of radiotherapy. The technique of combined laryngeal reconstruction with endografts from superelastic titanium-nickelid-based alloy results in improvement of life quality by preserving laryngeal functions. Режим доступа: по договору с организацией-держателем ресурса |
| Iaith: | Saesneg |
| Cyhoeddwyd: |
2015
|
| Cyfres: | Material Science in Biology and Medicine |
| Pynciau: | |
| Mynediad Ar-lein: | http://dx.doi.org/10.4028/www.scientific.net/AMR.1085.414 |
| Fformat: | MixedMaterials Electronig Pennod Llyfr |
| KOHA link: | https://koha.lib.tpu.ru/cgi-bin/koha/opac-detail.pl?biblionumber=641250 |
MARC
| LEADER | 00000nla2a2200000 4500 | ||
|---|---|---|---|
| 001 | 641250 | ||
| 005 | 20231101134145.0 | ||
| 035 | |a (RuTPU)RU\TPU\network\6150 | ||
| 035 | |a RU\TPU\network\6148 | ||
| 090 | |a 641250 | ||
| 100 | |a 20150514a2015 k y0engy50 ba | ||
| 101 | 0 | |a eng | |
| 102 | |a US | ||
| 105 | |a y z 100zy | ||
| 135 | |a drcn ---uucaa | ||
| 181 | 0 | |a i | |
| 182 | 0 | |a b | |
| 200 | 1 | |a Organ-Preserving Surgery Using Endografts from Superelastic Titanium-Nickelid-Based Alloy for Patients with Laryngeal Cancer |f E. L. Choynzonov [et al.] | |
| 203 | |a Text |c electronic | ||
| 225 | 1 | |a Material Science in Biology and Medicine | |
| 300 | |a Title screen | ||
| 330 | |a Our study has demonstrated feasibility of performing larynx preservation surgeries in patients with recurrent laryngeal cancer after failure of radiotherapy. The technique of combined laryngeal reconstruction with endografts from superelastic titanium-nickelid-based alloy results in improvement of life quality by preserving laryngeal functions. | ||
| 333 | |a Режим доступа: по договору с организацией-держателем ресурса | ||
| 461 | 0 | |0 (RuTPU)RU\TPU\network\4598 |t Advanced Materials Research |o Scientific Journal | |
| 463 | 0 | |0 (RuTPU)RU\TPU\network\4656 |t Vol. 1085 : Prospects of Fundamental Sciences Development (PFSD-2014) |o The XIth International Conference, April 22-25, 2014, Tomsk, Russia |o [proceedings] |v [P. 414-418] |d 2015 | |
| 610 | 1 | |a электронный ресурс | |
| 610 | 1 | |a труды учёных ТПУ | |
| 610 | 1 | |a рак | |
| 610 | 1 | |a гортань | |
| 610 | 1 | |a хирургия | |
| 610 | 1 | |a никелид титана | |
| 610 | 1 | |a эндопротезы | |
| 701 | 1 | |a Choynzonov |b E. L. |c physicist |c chief expert of Tomsk Polytechnic University |f 1952- |g Evgeny Lkhamatsyrenovich |2 stltpush |3 (RuTPU)RU\TPU\pers\34575 | |
| 701 | 1 | |a Mukhamedov |b M. | |
| 701 | 1 | |a Kulbakin |b D. | |
| 701 | 1 | |a Buldakov |b M. | |
| 701 | 1 | |a Gyunter |b V. | |
| 712 | 0 | 2 | |a Национальный исследовательский Томский политехнический университет (ТПУ) |b Физико-технический институт (ФТИ) |b Кафедра прикладной физики (№ 12) (ПФ) |h 46 |2 stltpush |3 (RuTPU)RU\TPU\col\18729 |
| 801 | 2 | |a RU |b 63413507 |c 20161229 |g RCR | |
| 856 | 4 | |u http://dx.doi.org/10.4028/www.scientific.net/AMR.1085.414 | |
| 942 | |c CF | ||